The quality of surface waters in Minnesota, (Record no. 24636)
[ view plain ]
| 000 -LEADER | |
|---|---|
| fixed length control field | 01292cam a22002771 4500 |
| 001 - CONTROL NUMBER | |
| control field | gs 07000809 |
| 003 - CONTROL NUMBER IDENTIFIER | |
| control field | DLC |
| 005 - DATE AND TIME OF LATEST TRANSACTION | |
| control field | 20260227111306.0 |
| 008 - FIXED-LENGTH DATA ELEMENTS--GENERAL INFORMATION | |
| fixed length control field | 840925s1907 dcuabf f000 0 eng c |
| 010 ## - LIBRARY OF CONGRESS CONTROL NUMBER | |
| LC control number | gs 07000809 |
| 035 ## - SYSTEM CONTROL NUMBER | |
| System control number | (OCoLC)11195055 |
| 040 ## - CATALOGING SOURCE | |
| Original cataloging agency | Library, U.S. Geological Survey |
| Transcribing agency | CLS |
| Modifying agency | OCoLC |
| -- | DLC |
| 042 ## - AUTHENTICATION CODE | |
| Authentication code | premarc |
| 050 00 - LIBRARY OF CONGRESS CALL NUMBER | |
| Classification number | TC801 |
| Item number | .U2 no. 193 |
| 051 ## - LIBRARY OF CONGRESS COPY, ISSUE, OFFPRINT STATEMENT | |
| Classification number | TD24.M6 |
| Item number | D7 |
| Copy information | Copy 2 |
| 100 1# - MAIN ENTRY--PERSONAL NAME | |
| Personal name | Dole, Richard B. |
| Fuller form of name | (Richard Bryant), |
| Dates associated with a name | 1880-1917. |
| 245 14 - TITLE STATEMENT | |
| Title | The quality of surface waters in Minnesota, |
| Statement of responsibility, etc. | by R.B. Dole and F.F. Wesbrook. |
| 260 ## - PUBLICATION, DISTRIBUTION, ETC. | |
| Place of publication, distribution, etc. | Washington, |
| Name of publisher, distributor, etc. | Govt. Print. Off., |
| Date of publication, distribution, etc. | 1907. |
| 300 ## - PHYSICAL DESCRIPTION | |
| Extent | 171, ii p. |
| Other physical details | VII pl. (incl. maps, part fold.) diagrs. |
| Dimensions | 23 cm. |
| 490 0# - SERIES STATEMENT | |
| Series statement | U.S. Geological Survey. Water-supply and irrigation paper |
| Volume/sequential designation | no. 193 |
| 490 0# - SERIES STATEMENT | |
| Series statement | L, Quality of water, |
| Volume/sequential designation | 19 |
| 500 ## - GENERAL NOTE | |
| General note | Issued also as House doc. no. 787, 59th Cong., 2d sess. |
| 501 ## - WITH NOTE | |
| With note | TC801.U2 no. 193 with : Pollution of Illinois and Mississippi rivers by Chicago sewage - - Underground waters of Missouri - - Water supply of Nome region, Seward peninsula, Alaska, 1906. Washington : Govt. Print. Off., 1907. Bound together subsequent to publication. |
| Institution to which field applies | DLC |
| 650 #0 - SUBJECT ADDED ENTRY--TOPICAL TERM | |
| Topical term or geographic name entry element | Water-supply |
| Geographic subdivision | Minnesota. |
| 700 1# - ADDED ENTRY--PERSONAL NAME | |
| Personal name | Wesbrook, F. F. |
| Fuller form of name | (Frank Fairchild), |
| Dates associated with a name | 1868-1918, |
| Relator term | joint author. |
No items available.